000 01102nam a2200301 i 4500
003 DO-SdBNP
005 20240326143011.0
007 ta
008 240226s2023 dr ac 000 j spa d
020 _a9789945099997
040 _aDO-SdBNP
_bspa
_cBNPHU
_erda
082 _bH565
_222
100 _aHerrera Medrano, Carmen
_985094
245 1 0 _aDerecho de familia y migratorio :
_bsu vinculación 2 /
_cCarmen Herrera Medrano ; prólogo Francisco Pérez Lora ; presentación Nancy Salcedo
264 1 _aSanto Domingo :
_bAmigo del Hogar,
_c2023.
300 _a829 páginas,
_bilustraciones, retratos
_c23 cm.
336 _2rdacontent
_atexto
_btxt
337 _2rdamedia
_asin mediación
_bn
338 _2rdacarrier
_avolumen
_bnc
500 _aIncluye datos bibliográficos a pie de páginas.
500 _aIncluye datos biografícos de la autora en las solapas.
504 _aBibliografía p: 799-814
590 _aInventariado, 2024/ YL
700 1 _aPérez Lora, Francisco
_eprólogo
_984886
700 1 _aSalcedo, Nancy
_epresentación
_985095
910 _aYLockward
942 _2ddc
_cLBS1
999 _c56198
_d56198